KOHA-Header-6

Changing the Game: The Playbook for Leading Business Transformation (Record no. 13887)

000 -LEADER
fixed length control field 00329nam a22001217a 4500
020 ## - INTERNATIONAL STANDARD BOOK NUMBER
ISBN 9780730389132
082 ## - DEWEY DECIMAL CLASSIFICATION NUMBER
Classification number 658.4092
100 ## - MAIN ENTRY--AUTHOR NAME
Personal name Michael Vullings & Graham Christie
245 ## - TITLE STATEMENT
Title Changing the Game: The Playbook for Leading Business Transformation
260 ## - PUBLICATION, DISTRIBUTION, ETC. (IMPRINT)
Place of publication Australia
Name of publisher Wiley
Year of publication 2021
300 ## - PHYSICAL DESCRIPTION
Number of Pages 216 pages
942 ## - ADDED ENTRY ELEMENTS (KOHA)
Koha item type Books
Holdings
Withdrawn status Lost status Collection code Permanent Location Current Location Shelving location Date acquired Full call number Accession Number Koha item type
    Business MAJU MAJU Shelf No.A-1 2024-01-30 658.4092 10982 Books

Powered by Koha